000 00651nam a2200241 a 4500
001 nice12345678
003 IN_TiNIC
005 20260116011304.0
008 050524s1968 alia grs 000 0 49g
020 _a
_c100
082 0 0 _a305.6945097
_bAKB
100 _aAkbarabadi, Said Ahmad
245 _aNafthat-Ul-Masdoor Aur Hindustan Ki Shari Haisiyat.
260 _aAligarh
_bAligarh Muslim University
_c1968
300 _a104p
500 _aincludes index and biblioraphy
505 2 _alight of islam series no.4
650 _aIslam-Relations India
700 1 _aAkbarabadi, Said Ahmad
902 _bSRS
942 _cPS
999 _c196
_d196